| 000 | 03784nkm0a2200613 4500 | ||
|---|---|---|---|
| 001 | RU\NLR\BIBL_A\022632307 | ||
| 005 | 20260204000000.0 | ||
| 035 | _a(NLR Aleph) 022632307 | ||
| 071 | 5 | 0 |
_aИ-286 _d8 коп. |
| 090 |
_a88876 _c88876 |
||
| 100 | _a20250926d1943 u y0rusy50 ca | ||
| 101 | 0 | _arus | |
| 102 | _aRU | ||
| 116 | _adiyaxx zz ae | ||
| 135 | _acrcn 024anaba | ||
| 181 | 0 |
_ab4 _bxb2e |
|
| 182 | 0 | _an | |
| 200 | 1 |
_aМы можем и должны очистить советскую землю от гитлеровской нечисти. (Сталин) _eвоинское _e[закрытое письмо] |
|
| 203 |
_aИзображение _bнеподвижное _bдвухмерное _bвизуальное _cнепосредственное |
||
| 210 |
_a[Москва] _cВоениздат НКО _d[1943? _eМосква] _gТипогр. газ. "Правда" |
||
| 215 |
_a1 л. (слож. вдвое) _cфотомех. печ. _d20,5х14,4 (10,1х14,4) |
||
| 300 | _aЗагл. - цитата из приказа народного комиссара обороны от 7 ноября 1942 г. | ||
| 300 | _aНа закрытом письме также текст: "Смерть немецким оккупантам!", сведения о заказчике: "По заказу Военкнижторга" | ||
| 300 | _aСправа внизу монограмма художника - В. С. Климашина: ВК | ||
| 300 | _aЦенз. разрешение: Г 111313 | ||
| 300 | _aВ вып. дан.: Зак. 3139 | ||
| 301 | _aИзд. номер: И-286 | ||
| 309 | _aДвойной формуляр, без клеевой полосы | ||
| 316 |
_aЭкз. РНБ на шифре Э О-ЗП-3/1943-К, Эот101012 дефектный: утраты по нижнему краю _5NLR: Э О-ЗП-3/1943-К |
||
| 325 | _aКопия доступна в Электрон. б-ке РНБ | ||
| 327 | 0 | _aСоветские артиллеристы, ведущие стрельбу из артиллерийского орудия | |
| 606 | 1 |
_aПочтовые открытки маркированные художественные _yСССР _z1941 - 1945 _2nlr_sh2 _3RU\NLR\AUTH\661531868 |
|
| 606 | 1 |
_aВеликая Отечественная война _z1941 - 1945 _xАртиллерия _jОткрытки _2nlr_sh1 _2nlr_sh2 _3RU\NLR\AUTH\6675459 |
|
| 610 | 1 | _aЗакрытые письма | |
| 686 | 1 | _aЩ153(2)7-489 | |
| 700 | 1 |
_aКлимашин _bВ. С. _f1912-1960 _gВиктор Семенович _3RU\NLR\AUTH\770284623 _4040 |
|
| 702 | 1 |
_aСталин _bИ. В. _f1879-1953 _gИосиф Виссарионович _3RU\NLR\AUTH\773464 _4072 |
|
| 712 | 0 | 2 |
_aВоениздат _cМосква _3RU\NLR\AUTH\8810147525 _4650 |
| 712 | 0 | 2 |
_a"Правда", газета _cМосква _bТипография им. Сталина _3RU\NLR\AUTH\889977807 _4610 |
| 712 | 0 | 2 |
_a"Военкнижторг", контора _cМосква _3RU\NLR\AUTH\880592869 _4570 |
| 830 | _aДатировка - ср. БЗ 022632312 (близкие изд. номер и ценз. разрешение). АЯ ОЭФ | ||
| 852 | 0 | 0 |
_aNLR _bЭ _jО-ЗП-3/1943-К _mЭот101012 |
| 856 | 0 | _uhttps://vivaldi.nlr.ru/lo500003999/view | |
| 856 | 1 | _uhttps://vivaldi.nlr.ru/lo500003999/cover | |
| 856 | 2 | _uhttps://vivaldi.nlr.ru/lo500003999/text | |
| 942 | _cVISUAL | ||
| 945 | _aРоссийская национальная библиотека | ||
| 980 | _aNB | ||
| 980 | _aBV | ||
| 981 | 1 | 7 |
_a(17) Изографические материалы _b(17) Открытки |